Tecnologías del texto y del habla

Uloženo v:
Podrobná bibliografie
Hlavní autoři: Martí, María Antònia (autora), Llisterri, Joaquim (Autor)
Médium: Kniha
Jazyk:španělština
Vydáno: Barcelona Universitat de Barcelona 2004
Edice:UB, 72
Témata:
Tagy: Přidat tag
Žádné tagy, Buďte první, kdo vytvoří štítek k tomuto záznamu!

MARC

LEADER 00000nam a2200000 a 4500
001 UCK2195
003 CL-VaPUC
008 041223e20040000SP |||||||||||||||||spa|d
020 |a 844752647X 
082 0 4 |a 410.285  |b MAR  |2 21 
100 |a Martí, María Antònia  |e autora  |9 490016 
700 0 |a Llisterri, Joaquim  |e author  |9 490017 
245 1 0 |a Tecnologías del texto y del habla 
300 |a 253 p 
942 |c BK 
945 |d 20041223 00:00:00  |a cmena 
260 |a Barcelona  |b Universitat de Barcelona  |c 2004 
650 7 |a LINGUISTICA COMPUTACIONAL  |2 CL-VaPUC  |9 490018 
650 0 |a Investigación lingüística  |9 329785 
650 0 |a Lenguaje hablado  |9 339599 
650 0 |a Análisis del discurso  |9 256696 
583 |a last modification  |c 20041223 00:00:00  |k Rodrigo Vera 
490 0 |a UB, 72 
999 |c 311814  |d 311812 
952 |0 0  |1 0  |4 0  |6 410_285000000000000_MAR_2004  |7 0  |8 A  |9 381472  |a FDOPOS  |b FDOPOS  |d 2019-11-21  |i 4089545  |o 410.285 MAR 2004  |p 4089545  |r 2025-01-22  |w 2019-11-21  |y BK  |k MLA